000 00380nam a2200169Ia 4500
001 7903
003 IN-NITTTR
005 20251114233032.0
008 251113s9999||||xx |||||||||||||| ||eng||
040 _beng
040 _cIN-NITTTR
041 _aeng
082 _a621.389 B812E
100 _aKneitel, Tom
245 0 _a101 easy audio projects /
_cKneitel,Tom
942 _2ddc
_cBK
999 _c10541
_d10541